• 首页
  • 本馆介绍
  • 公告通知
  • 最新文献
  • 馆藏检索
  • 电子资源
  • 读者导购
  • 参考咨询
  • 我的图书馆
  • 登录
  • 详细信息显示
  • 放入我的书架
  • 预约/预借图书
  • 作者相关作品
  • 分类相关作品
  • 丛书相关作品
  • 出版社相关作品

书目信息

  • 表格格式
  • 工作单格式
  • 卡片格式
题名:
争雄
    
 
作者: 洪兵 著
分册:  
出版信息: 北京   新世界出版社  2021
页数: 472页
开本: 24cm
丛书名:
单 册:
中图分类: K231.09
科图分类:
主题词: 战国时代--zhan guo shi dai--历史--通俗读物
电子资源:
ISBN: 978-7-5104-7138-4
000 00903nam0 2200241 450
001 2169373275
005 20211113191304.54
010    @a978-7-5104-7138-4@dCNY68.00
100    @a20210118d2021 em y0chiy50 ea
101 0  @achi
102    @aCN@b110000
105    @ay a 000yy
200 1  @a争雄@Azheng xiong@e战国王者之较量@f洪兵著
210    @a北京@c新世界出版社@d2021
215    @a472页@d24cm
320    @a有书目 (第471-472页)
330    @a本书作者将战国时期绵延二百余年的历史妙趣横生地呈现在读者面前。书中所叙史事,考据《战国策》《史记》《资治通鉴》《吕氏春秋》等十余部历史典籍,并吸收诸多学术研究成果,以及云梦竹简、中山王鼎等当代考古发现,还原历史本真。
517 1  @a战国王者之较量@Azhan guo wang zhe zhi jiao liang
606 0  @a战国时代@Azhan guo shi dai@x历史@j通俗读物
690    @aK231.09@v5
701  0 @a洪兵@Ahong bing@4著
801  0 @aCN@bBP@c20210118
905    @aZUCC@dK231.09@e2
    
    争雄:战国王者之较量/洪兵著.-北京:新世界出版社,2021
    472页;24cm
    
    
    ISBN 978-7-5104-7138-4:CNY68.00
    本书作者将战国时期绵延二百余年的历史妙趣横生地呈现在读者面前。书中所叙史事,考据《战国策》《史记》《资治通鉴》《吕氏春秋》等十余部历史典籍,并吸收诸多学术研究成果,以及云梦竹简、中山王鼎等当代考古发现,还原历史本真。
●
相关链接 在五车中查询图书 在当当中查询图书 在豆瓣中查询图书


正题名:争雄     索取号:K231.09/2         预约/预借

序号 登录号 条形码 馆藏地/架位号 状态 备注
1 2000885182   2000885182   第三书库/ [索取号:K231.09/2] 在馆    
2 2000885183   2000885183   第三书库/ [索取号:K231.09/2] 已借出,限还日期为2026.06.11
借出人:刘树涵  
 
3 2000885184   2000885184   第三书库/ [索取号:K231.09/2] 在馆    
山东省滨州职业学院图书馆 欢迎您!
大连网信软件有限公司© 版权所有